| 000 | 00888cam a2200313 a 4500 | ||
|---|---|---|---|
| 008 | |||
| 020 | _a081517716X(pbk.) | ||
| 090 | _aQP34.5 | ||
| 090 |
_aMAIN _c(06/182) _c(06/183) |
||
| 100 | 1 | _aSeeley, Rod R. | |
| 245 | 1 | 0 |
_aAnatomy & physiology / _cRod R. Seeley, Trent D. Stephens, Philip Tate. |
| 246 | 3 | _aAnatomy and physiology. | |
| 250 | _a4th ed. | ||
| 260 |
_aBoston : _bMcGraw, _cc1998. |
||
| 300 |
_ax, 348 p.: _bill. ; _c29 cm. |
||
| 650 | 0 | _aHuman physiology. | |
| 650 | 0 | _aHuman anatomy. | |
| 650 | 2 | _aAnatomy. | |
| 650 | 2 | _aPhysiology. | |
| 700 | 1 | _aStephens, Trent D. | |
| 700 | 1 | _aTate, Philip. | |
| 700 | 1 |
_aSeeley, Rod R. _tAnatomy and physiology. |
|
| 907 |
_a.b10199688 _b03-12-08 _c25-04-06 |
||
| 003 | |||
| 005 | 20230123134208.0 | ||
| 040 | _cNUST | ||
| 049 | _aMAIN | ||
| 942 |
_cBOOKS _kQP34.5 _kMAIN |
||
| 999 |
_c161695 _d161695 |
||